000
00222nam a2200097Ia 4500
001
692075
005
20250826161848.0
008
250824s9999 xx 000 0 und d
245
0
_a
KULE CANBAZI
_c
SUNAY AKIN
260
_b
ÇINAR
999
_c
692075
_d
692075